Lataa...

Progress in microbial ecology

Bibliografiset tiedot
Päätekijä: Agnihotri, V.P
Muut tekijät: Mukerji, K.G, Singh, R.P
Aineistotyyppi: Printed Book
Kieli:Undetermined
English
Julkaistu: Lucknow Print house
Aiheet:
LEADER 00596nam a2200193Ia 4500
008 140306s9999 xx 000 0 und d
041 |a eng 
082 |a 576.15  |b MUK 
100 |a Agnihotri, V.P. 
245 |a Progress in microbial ecology 
260 |a Lucknow  |b Print house 
300 |a 622 
650 |a Microbial ecology 
650 |a plant disease forecasting 
700 |a Mukerji, K.G. 
700 |a Singh, R.P. 
942 |2 ddc  |c BK 
999 |c 50474  |d 50474 
952 |0 0  |1 0  |2 ddc  |4 0  |6 576_150000000000000_MUK  |7 0  |9 66792  |a KAUACV  |b KAUACV  |d 2004-05-03  |o 576.15 MUK  |p KAU_ACV-20104  |r 2014-03-22  |w 2014-03-22  |y BK